000 00966cam a2200217 4500
001 WB4037-20
008 040929n2004 000 0 eng u
035 _a(Sirsi) u127559
245 _aDEFRA waste research strategy
260 _c2004
490 _aDEFRA News Release
520 _aA new DEFRA waste strategy is unveiled at Waste 2004 which is focusing on integrated waste management. The strategy is based on eight key themes which include sustainable resource consumption and management, residual wastes management and market development. Copies of the strategy document can be obtained from: www.defra.gov.uk/environment/waste/wip/research/in dex.htm For the DEFRA news release: http://www.defra.gov.uk/news/2004/040928b.htm
590 _aWB
590 _aWB
650 _aWASTE STRATEGY
650 _aSUSTAINABLE WASTE MANAGEMENT
650 _aRISK ASSESSMENT
650 _aENVIRONMENTAL PROTECTION
690 _aWASTE MANAGEMENT
942 _n0
999 _c118085
_d118085